El análisis lógico (Record no. 77891)
[ view plain ]
| 000 -LEADER | |
|---|---|
| campo de control de longitud fija | 00709nam a2200229 i 4500 |
| 001 - NÚMERO DE CONTROL | |
| campo de control | 77891 |
| 003 - IDENTIFICADOR DE NÚMERO DE CONTROL | |
| campo de control | ES-MaACL |
| 005 - FECHA Y HORA DE LA ÚLTIMA TRANSACCIÓN | |
| campo de control | 20240421063020.0 |
| 007 - CAMPO FIJO DE DESCRIPCIÓN FÍSICA--INFORMACIÓN GENERAL | |
| campo de control de longitud fija | t| |
| 008 - DATOS DE LONGITUD FIJA--INFORMACIÓN GENERAL | |
| campo de control de longitud fija | 041112s1987 sp ||||1| spa d |
| 020 ## - NÚMERO INTERNACIONAL ESTÁNDAR DEL LIBRO | |
| Número Internacional Estándar del Libro | 84-362-2142-7 |
| 080 ## - NÚMERO DE LA CLASIFICACIÓN DECIMAL UNIVERSAL | |
| Número de la Clasificación Decimal Universal | 16(075.8) |
| 100 1# - ENTRADA PRINCIPAL--NOMBRE DE PERSONA | |
| Nombre de persona | Vega, Luis. |
| 9 (RLIN) | 113569 |
| 245 13 - MENCIÓN DEL TÍTULO | |
| Título | El análisis lógico |
| Resto del título | : nociones y problemas : una introducción a la filosofía de la lógica / |
| Mención de responsabilidad, etc. | autor, Luis Vega. |
| 260 ## - PUBLICACIÓN, DISTRIBUCIÓN, ETC. | |
| Lugar de publicación, distribución, etc. | Madrid : |
| Nombre del editor, distribuidor, etc. | UNED, |
| Fecha de publicación, distribución, etc. | 1987. |
| 300 ## - DESCRIPCIÓN FÍSICA | |
| Extensión | 2 v. ; |
| Dimensiones | 25 cm. |
| 490 1# - MENCIÓN DE SERIE | |
| Mención de serie | Cuadernos de la UNED ; |
| Designación de volumen o secuencia | CU. 24, 32 |
| 830 0# - PUNTO DE ACCESO ADICIONAL DE SERIE-TÍTULO UNIFORME | |
| Título uniforme | Cuadernos UNED ; |
| Designación de volumen o secuencia | CU. 24, 32 |
| 9 (RLIN) | 223638 |
| 852 ## - LOCALIZACIÓN | |
| Ubicación | ES-MaACL |
| Número de control de estantería | L-28439-40 |
| Sublocalización o colección | R.134537 |
| 942 ## - ELEMENTOS DE ENTRADA SECUNDARIOS (KOHA) | |
| Fuente del sistema de clasificación o colocación | Clasificación decimal universal |
| Estatus retirado | Estado de pérdida | Estado de daño | No para préstamo | Biblioteca de origen | Biblioteca actual | Ubicación en estantería | Fecha de adquisición | Fuente de adquisición | Total de préstamos | Signatura topográfica completa | Código de barras | Visto por última vez | Precio de reemplazo | Tipo de ítem Koha |
|---|---|---|---|---|---|---|---|---|---|---|---|---|---|---|
| Biblioteca del Ateneo de Madrid | Biblioteca del Ateneo de Madrid | Depósito 2 | 17/01/2008 | L-28439-40 | 1081487 | 23/02/2023 | 23/02/2023 | Libro impreso |
